00508nam a2200193 4500003001100000005001700011008004100028020001500069040003900084041000800123082001700131100001900148245003500167260003600202300001800238490002300256650002200279650001300301LK-CoMWRAF20231207091224.0231202b1997 |||||||| |||| 00| 0 eng d a8175540648 aLK-CoMWRAFdLK-CoMWRAFeLK-CoMWRAF aeng a658.456bBAR a: Barker, Alan a30 minutes... before a meeting aNew Delhi:bKogan Page, c 1997 a62 p. ; 18 cm a 30 minutes series aBUSINESS MEETINGS aReunions